[Event "RSA-ch U08 Girls"]
[Site "Gauteng"]
[Date "2017.04.10"]
[Round "10"]
[White "Ntshalintshali, Noluthando"]
[Black "Nortje, Dell Maree"]
[Result "0-1"]
[WhiteElo "500"]
[BlackElo "618"]
[PlyCount "20"]
[EventDate "2017.04.05"]
[EventType "swiss"]
[EventRounds "11"]
[EventCountry "RSA"]
[SourceTitle "CBM 177 Extra"]
[Source "ChessBase"]
[SourceDate "2017.04.27"]
[SourceVersion "1"]
[SourceVersionDate "2017.04.27"]
[SourceQuality "1"]

1. e4 e5 2. Nf3 Nc6 3. Bc4 Nf6 4. 0-0 Nxe4 5. Nc3 Nxc3 6. bxc3 d5 7. d3 dxc4 8. dxc4 Bg4 9. Bg5 f6 10. Bh4 e4 0-1

[Event "RSA-ch U08 Girls"]
[Site "Gauteng"]
[Date "2017.04.08"]
[Round "7"]
[White "Ntshalintshali, Noluthando"]
[Black "Pienaar, Libby"]
[Result "0-1"]
[WhiteElo "500"]
[BlackElo "646"]
[PlyCount "31"]
[EventDate "2017.04.05"]
[EventType "swiss"]
[EventRounds "11"]
[EventCountry "RSA"]
[SourceTitle "CBM 177 Extra"]
[Source "ChessBase"]
[SourceDate "2017.04.27"]
[SourceVersion "1"]
[SourceVersionDate "2017.04.27"]
[SourceQuality "1"]

1. e4 e5 2. Nf3 Nf6 3. Bc4 Nc6 4. 0-0 Bc5 5. d3 0-0 6. h3 Nh5 7. Bg5 Qe8 8. Bd5 h6 9. Bh4 g5 10. Bxg5 hxg5 11. Nxg5 Qe7 12. Qxh5 Qf6 13. Bxf7+ Rxf7 14. Nxf7 Bxf2+ 15. Rxf2 Qe7 16. Rf3 0-1